[Event "51st Capablanca Mem Elite"]
[Site "Varadero CUB"]
[Date "2016.06.09"]
[Round "1.3"]
[White "Bruzon Batista, Lazaro"]
[Black "Cheparinov, Ivan"]
[Result "1/2-1/2"]
[WhiteTitle "GM"]
[BlackTitle "GM"]
[WhiteElo "2681"]
[BlackElo "2687"]
[WhiteFideId "3503739"]
[BlackFideId "2905540"]
[EventDate "2016.06.09"]

1. e4 e5 2. Nf3 Nc6 3. Bb5 Nf6 4. d3 Bc5 5. c3 O-O 6. O-O d6 7. h3 Ne7 8. d4 Bb6
9. Re1 d5 10. Nxe5 Nxe4 11. Nd2 Nd6 12. Bf1 c6 13. b3 Bc7 14. Ba3 Re8 15. Qh5
Nef5 16. Bd3 g6 17. Qd1 f6 18. Ng4 Kg7 19. Qc2 h5 20. Nh2 Be6 21. Nhf3 Qd7 22.
c4 Nf7 23. Bb2 N7h6 24. Nf1 Bd6 25. Re2 Re7 26. Rae1 Rae8 27. a3 Bc7 28. c5 Bf7
29. b4 Rxe2 30. Rxe2 Rxe2 31. Qxe2 g5 32. Ne1 Bg6 33. a4 Qe7 34. Qd1 Qe6 35. Nc2
Ne7 36. Bxg6 Kxg6 37. Bc1 Nhf5 38. b5 h4 39. Qd3 Qe4 40. Qd1 Ng7 41. Nfe3 Kf7
42. f3 Qe6 43. Qd3 Ngf5 44. bxc6 bxc6 45. Bd2 Kg7 1/2-1/2

[Event "51st Capablanca Mem Elite"]
[Site "Varadero CUB"]
[Date "2016.06.10"]
[Round "2.1"]
[White "Kryvoruchko, Yuriy"]
[Black "Cheparinov, Ivan"]
[Result "1/2-1/2"]
[WhiteTitle "GM"]
[BlackTitle "GM"]
[WhiteElo "2682"]
[BlackElo "2687"]
[WhiteFideId "14109182"]
[BlackFideId "2905540"]
[EventDate "2016.06.09"]

1. e4 e5 2. Nf3 Nc6 3. Bb5 Nf6 4. d3 Bc5 5. Bxc6 dxc6 6. Nbd2 O-O 7. Nc4 Ng4 8.
O-O f5 9. Qe2 fxe4 10. dxe4 Be6 11. Bg5 Qe8 12. h3 Nxf2 13. Rxf2 Bxf2+ 14. Kxf2
Qh5 15. Bd2 Rxf3+ 16. gxf3 Qh4+ 17. Kg1 Qg3+ 18. Qg2 Qxg2+ 19. Kxg2 Bxc4 20. Bc3
Re8 21. Rd1 Kf7 22. Rd7+ Re7 23. Rxe7+ Kxe7 24. b3 Be2 25. Bxe5 g6 26. Bxc7 Bd1
27. c3 Kd7 28. Bf4 a5 29. h4 Bc2 30. Kf2 Bb1 31. a3 c5 32. h5 Ba2 33. b4 axb4
34. axb4 cxb4 35. cxb4 b5 36. h6 Bc4 37. Ke3 Ke6 38. Bg5 Kf7 39. Kd4 Ke6 40. f4
Bf1 41. Kc5 Bc4 42. Kc6 Bd3 43. e5 Bc4 44. Kc7 Kf7 45. Kd8 Be6 46. Bf6 1/2-1/2

[Event "51st Capablanca Mem Elite"]
[Site "Varadero CUB"]
[Date "2016.06.11"]
[Round "3.1"]
[White "Almasi, Zoltan"]
[Black "Kryvoruchko, Yuriy"]
[Result "1/2-1/2"]
[WhiteTitle "GM"]
[BlackTitle "GM"]
[WhiteElo "2688"]
[BlackElo "2682"]
[WhiteFideId "702293"]
[BlackFideId "14109182"]
[EventDate "2016.06.09"]

1. e4 e5 2. Nf3 Nc6 3. Bb5 Nf6 4. O-O Nxe4 5. d4 Nd6 6. dxe5 Nxb5 7. a4 Nbd4 8.
Nxd4 d5 9. exd6 Nxd4 10. Qxd4 Qxd6 11. Qe4+ Qe6 12. Qd4 Qd6 13. Qe3+ Be6 14. Nc3
a6 15. Rd1 Qc6 16. Nb5 Qxc2 17. Qd3 Qxd3 18. Nxc7+ Kd7 19. Bf4 Qxd1+ 20. Rxd1+
Kc6 21. Nxa8 Bc5 22. b4 Bxb4 23. Rc1+ Bc5 24. Be3 Rxa8 25. Rxc5+ Kd6 26. a5 Bd5
27. Rc2 Re8 28. Bf4+ Kd7 29. f3 Re1+ 30. Kf2 Ra1 31. Bc7 Bb3 32. Rc3 Ra2+ 33.
Kg3 Ba4 34. Bb6 Bb5 35. Rc1 Ke6 36. h4 h5 37. Rd1 f6 38. Re1+ Kf5 39. Kh2 g5 40.
hxg5 fxg5 41. Rc1 Kg6 42. Rd1 Bc6 43. Rd6+ Kf7 44. Kh3 Ra3 45. Kh2 g4 46. fxg4
hxg4 47. Rd4 g3+ 48. Kh3 Ra2 49. Rd6 Bxg2+ 50. Kxg3 1/2-1/2

[Event "51st Capablanca Mem Elite"]
[Site "Varadero CUB"]
[Date "2016.06.13"]
[Round "5.2"]
[White "Cheparinov, Ivan"]
[Black "Almasi, Zoltan"]
[Result "1/2-1/2"]
[WhiteTitle "GM"]
[BlackTitle "GM"]
[WhiteElo "2687"]
[BlackElo "2688"]
[WhiteFideId "2905540"]
[BlackFideId "702293"]
[EventDate "2016.06.09"]

1. Nf3 Nf6 2. c4 e6 3. Nc3 Bb4 4. Qc2 O-O 5. a3 Bxc3 6. Qxc3 d6 7. b4 a5 8. Bb2
e5 9. e3 b6 10. Be2 axb4 11. axb4 Rxa1+ 12. Bxa1 c5 13. b5 Re8 14. d3 Nbd7 15.
O-O Bb7 16. Bb2 Nf8 17. Ra1 Qb8 18. Nh4 Ng6 19. Nxg6 hxg6 20. Bf1 d5 21. d4 Ne4
22. Qc2 dxc4 23. Bxc4 cxd4 24. exd4 Rc8 25. Qe2 exd4 26. Bxd4 Qd6 27. Be3 Qb4
28. Bd3 Nc5 29. h3 Nxd3 1/2-1/2

[Event "51st Capablanca Mem Elite"]
[Site "Varadero CUB"]
[Date "2016.06.13"]
[Round "5.3"]
[White "Bruzon Batista, Lazaro"]
[Black "Kryvoruchko, Yuriy"]
[Result "1/2-1/2"]
[WhiteTitle "GM"]
[BlackTitle "GM"]
[WhiteElo "2681"]
[BlackElo "2682"]
[WhiteFideId "3503739"]
[BlackFideId "14109182"]
[EventDate "2016.06.09"]

1. d4 Nf6 2. Nf3 d5 3. c4 e6 4. Nc3 Be7 5. g3 O-O 6. Bg2 Nbd7 7. O-O dxc4 8. e4
b5 9. e5 Nd5 10. Nxb5 Bb7 11. h4 N7b6 12. Ng5 Qd7 13. Na3 Bxg5 14. Bxg5 Rac8 15.
Rc1 c5 16. Re1 h6 17. dxc5 Rxc5 18. Bd2 Rfc8 19. Qg4 Kf8 20. Nb1 Rb5 21. Rc2
Rbc5 22. Qd4 R5c7 23. Rec1 Kg8 24. Qg4 Kh8 25. Ba5 Rc5 26. Bd2 Qc7 27. Re1 Nd7
28. Qd4 Ne7 29. Bxb7 Qxb7 30. Bc3 Rd5 31. Qf4 Kg8 32. Nd2 Ng6 33. Qf3 Qb5 34.
Re4 Ngxe5 35. Qe3 f5 36. Rd4 Kf7 37. Rxd5 Qxd5 38. Qxa7 Ra8 39. Qc7 Rxa2 40.
Bxe5 Ra1+ 41. Nf1 Qd3 42. Qxc4 Nxe5 43. Qxd3 Nxd3 44. f4 Rb1 45. Rc3 Nb4 46. Rb3
Nd5 47. Kf2 Nf6 48. Nd2 Ng4+ 49. Ke2 Rg1 50. Nf3 Rg2+ 51. Ke1 Ke7 52. Nd4 Kd6
53. Rd3 Kd5 54. Ne2+ Kc6 55. Nd4+ Kd5 56. Ne2+ Kc6 57. Nd4+ 1/2-1/2

[Event "51st Capablanca Mem Elite"]
[Site "Varadero CUB"]
[Date "2016.06.15"]
[Round "6.1"]
[White "Cheparinov, Ivan"]
[Black "Bruzon Batista, Lazaro"]
[Result "1/2-1/2"]
[WhiteTitle "GM"]
[BlackTitle "GM"]
[WhiteElo "2687"]
[BlackElo "2681"]
[WhiteFideId "2905540"]
[BlackFideId "3503739"]
[EventDate "2016.06.09"]

1. c4 e5 2. Nc3 Nc6 3. Nf3 Nf6 4. g3 Bc5 5. Bg2 d6 6. O-O O-O 7. e3 a6 8. b3 Ba7
9. Bb2 Rb8 10. Nh4 Ne7 11. f4 exf4 12. Rxf4 Ng6 13. Nxg6 hxg6 14. Qc2 Be6 15.
Raf1 Nh7 16. Rh4 c6 17. Ne4 f5 18. Qc3 Nf6 19. Ng5 Qe7 20. g4 Bd7 21. gxf5 gxf5
22. Qd3 Rbe8 23. Kh1 Ne4 24. Rh7 Nf6 25. Rh4 Ne4 26. Rh7 Nf6 27. Rh4 1/2-1/2

[Event "51st Capablanca Mem Elite"]
[Site "Varadero CUB"]
[Date "2016.06.16"]
[Round "7.2"]
[White "Cheparinov, Ivan"]
[Black "Kryvoruchko, Yuriy"]
[Result "1/2-1/2"]
[WhiteTitle "GM"]
[BlackTitle "GM"]
[WhiteElo "2687"]
[BlackElo "2682"]
[WhiteFideId "2905540"]
[BlackFideId "14109182"]
[EventDate "2016.06.09"]

1. d4 Nf6 2. c4 e6 3. Nf3 d5 4. Nc3 Be7 5. Bf4 O-O 6. e3 Nbd7 7. a3 c5 8. cxd5
Nxd5 9. Nxd5 exd5 10. dxc5 Nxc5 11. Be2 Bf6 12. Be5 Bf5 13. O-O Bxe5 14. Nxe5
Rc8 15. Rc1 Qf6 16. b4 Qxe5 17. bxc5 Be4 18. Qd4 Qg5 19. f3 Bf5 20. Rc3 Rfd8 21.
Rfc1 Bd7 22. Kf2 Bc6 23. h4 Qe7 24. Bd3 Rc7 25. a4 Rdc8 26. a5 a6 27. Rb1 h6 28.
Rb4 Kf8 29. Rb6 Re8 30. Bf5 Qd8 31. Bd3 Re6 32. Rcb3 Qe7 33. Bf5 Re5 34. Bd3 Re6
35. Bf5 Re5 36. Bd3 1/2-1/2

[Event "51st Capablanca Mem Elite"]
[Site "Varadero CUB"]
[Date "2016.06.17"]
[Round "8.1"]
[White "Kryvoruchko, Yuriy"]
[Black "Almasi, Zoltan"]
[Result "1-0"]
[WhiteTitle "GM"]
[BlackTitle "GM"]
[WhiteElo "2682"]
[BlackElo "2688"]
[WhiteFideId "14109182"]
[BlackFideId "702293"]
[EventDate "2016.06.09"]

1. e4 e5 2. Nf3 Nc6 3. d4 exd4 4. Nxd4 Nf6 5. Nxc6 bxc6 6. e5 Qe7 7. Qe2 Nd5 8.
c4 Ba6 9. Nd2 Nb4 10. Nf3 c5 11. g3 Qe6 12. a3 Nc6 13. Bd2 O-O-O 14. O-O-O g6
15. Bg5 Be7 16. Bxe7 Qxe7 17. Qe3 Rhe8 18. Rd5 d6 19. Bh3+ Kb8 20. Qb3+ Bb7 21.
Re1 Qf8 22. Bg2 Na5 23. Qa4 Bxd5 24. cxd5 Nb7 25. Bf1 dxe5 26. Bb5 e4 27. Bc6
Ka8 28. Re3 exf3 29. Qb5 1-0

[Event "51st Capablanca Mem Elite"]
[Site "Varadero CUB"]
[Date "2016.06.19"]
[Round "10.3"]
[White "Almasi, Zoltan"]
[Black "Cheparinov, Ivan"]
[Result "1/2-1/2"]
[WhiteTitle "GM"]
[BlackTitle "GM"]
[WhiteElo "2688"]
[BlackElo "2687"]
[WhiteFideId "702293"]
[BlackFideId "2905540"]
[EventDate "2016.06.09"]

1. e4 e5 2. Nf3 Nc6 3. Bb5 Nf6 4. O-O Nxe4 5. Re1 Nd6 6. Nxe5 Be7 7. Bf1 Nxe5 8.
Rxe5 O-O 9. Nc3 Ne8 10. Nd5 Bd6 11. Re1 c6 12. Ne3 Be7 13. c4 Nc7 14. d4 d5 15.
cxd5 Bb4 16. Bd2 Bxd2 17. Qxd2 Nxd5 18. Nxd5 Qxd5 19. Re5 Qd6 20. Bc4 Bd7 21.
Rae1 b5 22. Bb3 a5 23. a4 bxa4 24. Bxa4 Be6 25. Rxa5 Rxa5 26. Qxa5 Qxd4 27. Bxc6 1/2-1/2